000 00433nam a2200157Ia 4500
008 151213s9999 xx 000 0 und d
100 _aSyed Lutfar Rahman & Syed Anower Hosan
245 _aCompany Law
_cSyed Lutfar Rahman & Syed Anower Hosan
250 _a9th
260 _aDhaka
_bJononi
_c1999
300 _a2167 p.
650 _aLaw
650 _aLaw
700 _aSyed Lutfar Rahman & Syed Anower Hosan
999 _c1587
_d1587